[Event "Lueneburg distr-ch Haupt"]
[Site "Muenster"]
[Date "2019.10.20"]
[Round "7"]
[White "Dunker, Lueder"]
[Black "Schneider, Peter"]
[Result "1/2-1/2"]
[WhiteElo "1413"]
[BlackElo "1382"]
[PlyCount "40"]
[EventDate "2019.10.17"]
[EventType "swiss"]
[EventRounds "7"]
[EventCountry "GER"]
[SourceTitle "EXT 2023"]
[Source "ChessBase"]
[SourceDate "2022.10.05"]
[SourceVersion "1"]
[SourceVersionDate "2022.10.05"]
[SourceQuality "1"]

1. e4 e6 2. d3 d5 3. Qe2 dxe4 4. dxe4 e5 5. Nf3 Nc6 6. Qb5 a6 7. Qd5 Be6 8. Qxd8+ Rxd8 9. Bd3 Bc5 10. 0-0 Nge7 11. a3 0-0 12. b4 Bd4 13. Nxd4 Nxd4 14. Be3 Nec6 15. f4 g6 16. Nd2 b5 17. fxe5 Nxe5 18. Bxd4 Rxd4 19. Nf3 Nxf3+ 20. gxf3 f5 1/2-1/2

[Event "LSS WC-2008-F-00001"]
[Site "LSS email"]
[Date "2008.11.12"]
[Round "?"]
[White "Rocca, Horacio Daniel"]
[Black "Schneider, Peter"]
[Result "1/2-1/2"]
[WhiteElo "2453"]
[BlackElo "2411"]
[PlyCount "101"]
[EventDate "2008.11.12"]
[EventType "tourn (corr)"]
[EventRounds "10"]
[EventCountry "GER"]
[SourceTitle "Telechess CBM 137"]
[Source "ChessBase"]
[SourceDate "2010.07.15"]
[SourceVersion "1"]
[SourceVersionDate "2010.07.15"]
[SourceQuality "1"]

1. e4 e5 2. Nf3 Nc6 3. Bb5 a6 4. Ba4 Nf6 5. 0-0 Nxe4 6. d4 b5 7. Bb3 d5 8. dxe5 Be6 9. Nbd2 Nc5 10. c3 Bg4 11. Bc2 Be7 12. Re1 d4 13. Nb3 d3 14. Bb1 Nxb3 15. axb3 Bf5 16. Be3 0-0 17. Bd4 Qd5 18. Re3 Rfd8 19. Bxd3 Nxd4 20. cxd4 Bxd3 21. Qxd3 c5 22. Re4 Qe6 23. g3 Rd5 24. Qe2 h6 25. dxc5 Bxc5 26. b4 Ba7 27. Kg2 Rc8 28. Ra3 Rcd8 29. Rc3 Bd4 30. Rc2 Bb6 31. h4 Ba7 32. Qe1 Qf5 33. g4 Qe6 34. Qc1 Bb8 35. Rc6 R5d6 36. Rd4 Rxd4 37. Rxe6 Rxg4+ 38. Kh3 Rc4 39. Qxc4 bxc4 40. Rxa6 Kf8 41. Rc6 Ke7 42. Rxc4 Rd5 43. Kg4 Bxe5 44. Re4 f6 45. Nxe5 fxe5 46. f4 g6 47. Rxe5+ Rxe5 48. fxe5 Ke6 49. Kf4 g5+ 50. hxg5 hxg5+ 51. Kxg5 1/2-1/2

[Event "LSS WC-2008-F-00001"]
[Site "LSS email"]
[Date "2008.11.12"]
[Round "?"]
[White "Schneider, Peter"]
[Black "Makovsky, Petr"]
[Result "1/2-1/2"]
[WhiteElo "2400"]
[BlackElo "2498"]
[PlyCount "47"]
[EventDate "2008.11.12"]
[EventType "tourn (corr)"]
[EventRounds "10"]
[EventCountry "GER"]
[SourceTitle "Corr 2011"]
[Source "ChessBase"]
[SourceDate "2010.08.31"]
[SourceVersion "1"]
[SourceVersionDate "2010.08.31"]
[SourceQuality "1"]

1. d4 Nf6 2. c4 e6 3. Nf3 b6 4. g3 Ba6 5. b3 Bb4+ 6. Bd2 Be7 7. Bg2 c6 8. Bc3 d5 9. Nbd2 Nbd7 10. 0-0 0-0 11. Re1 c5 12. e4 dxc4 13. Nxc4 Bb7 14. e5 Nd5 15. Bd2 a5 16. Qe2 a4 17. dxc5 bxc5 18. Qe4 axb3 19. axb3 Rxa1 20. Rxa1 Qb8 21. Qd3 h6 22. Bc3 N7b6 23. Nfd2 Nxc4 24. bxc4 1/2-1/2

[Event "LSS WC-2008-F-00001"]
[Site "LSS email"]
[Date "2008.11.12"]
[Round "?"]
[White "Siefring, Carl L"]
[Black "Schneider, Peter"]
[Result "1/2-1/2"]
[WhiteElo "2430"]
[BlackElo "2401"]
[PlyCount "60"]
[EventDate "2008.11.12"]
[EventType "tourn (corr)"]
[EventRounds "10"]
[EventCountry "GER"]
[SourceTitle "Corr 2011"]
[Source "ChessBase"]
[SourceDate "2010.08.31"]
[SourceVersion "1"]
[SourceVersionDate "2010.08.31"]
[SourceQuality "1"]

1. e4 e5 2. Nf3 Nc6 3. d4 exd4 4. Nxd4 Nf6 5. Nxc6 bxc6 6. e5 Qe7 7. Qe2 Nd5 8. c4 Ba6 9. b3 g6 10. f4 d6 11. Qf2 Nf6 12. Ba3 Qe6 13. Be2 dxe5 14. fxe5 Qxe5 15. 0-0 0-0-0 16. Bxf8 Rhxf8 17. Qxf6 Qxe2 18. Nc3 Qe3+ 19. Kh1 Qd4 20. Rae1 Bb7 21. Qxd4 Rxd4 22. Kg1 f5 23. Re7 Rd7 24. Rfe1 Kd8 25. R7e5 Rd2 26. Na4 Bc8 27. Nc5 h6 28. a4 f4 29. a5 Bf5 30. h4 g5 1/2-1/2

[Event "IECG WC.2008.T.00001 email"]
[Site "IECG email"]
[Date "2007.02.02"]
[Round "?"]
[White "Schneider, Peter"]
[Black "De Silva, Dinesh"]
[Result "1-0"]
[WhiteElo "2368"]
[BlackElo "2442"]
[PlyCount "83"]
[EventDate "2007.02.02"]
[EventType "tourn (corr)"]
[EventRounds "10"]
[SourceTitle "Corr 2011"]
[Source "ChessBase"]
[SourceDate "2010.08.31"]
[SourceVersion "1"]
[SourceVersionDate "2010.08.31"]
[SourceQuality "1"]

1. d4 Nf6 2. c4 e6 3. Nf3 d5 4. Nc3 Be7 5. Bg5 h6 6. Bh4 0-0 7. e3 b6 8. Be2 Bb7 9. Rc1 dxc4 10. Bxc4 Nbd7 11. 0-0 c5 12. dxc5 Nxc5 13. Qe2 a6 14. Rfd1 Qe8 15. a3 Nfe4 16. Nxe4 Nxe4 17. Bxe7 Qxe7 18. Ne5 Rfd8 19. f3 Rxd1+ 20. Rxd1 Nf6 21. Qd2 b5 22. Bf1 Rc8 23. Qd4 Qc7 24. e4 Kf8 25. b4 Qc3 26. Qd6+ Kg8 27. Nd3 Qxa3 28. h3 Kh7 29. Qe7 Bc6 30. e5 Nd5 31. Qxf7 Re8 32. Nf2 Nxb4 33. Rd4 Kh8 34. Rg4 Rg8 35. Rh4 Nd5 36. Qg6 Rf8 37. Bd3 Rf5 38. Bxf5 exf5 39. Qxc6 Qa1+ 40. Kh2 Qxe5+ 41. f4 Nxf4 42. g3 1-0

[Event "IECG WC.2008.T.00001 email"]
[Site "IECG email"]
[Date "2007.02.02"]
[Round "?"]
[White "Wurschner, Miroslav"]
[Black "Schneider, Peter"]
[Result "1/2-1/2"]
[WhiteElo "2220"]
[BlackElo "2368"]
[PlyCount "45"]
[EventDate "2007.02.02"]
[EventType "tourn (corr)"]
[EventRounds "10"]
[SourceTitle "Corr 2011"]
[Source "ChessBase"]
[SourceDate "2010.08.31"]
[SourceVersion "1"]
[SourceVersionDate "2010.08.31"]
[SourceQuality "1"]

1. e4 e5 2. Nf3 Nc6 3. Bb5 a6 4. Ba4 Nf6 5. 0-0 Nxe4 6. d4 b5 7. Bb3 d5 8. dxe5 Be6 9. Nbd2 Nc5 10. c3 Bg4 11. Bc2 Be7 12. Re1 Qd7 13. Nf1 0-0 14. h3 Bh5 15. Ne3 Rad8 16. b4 d4 17. bxc5 dxe3 18. Bxe3 Qxd1 19. Bxd1 Bxf3 20. Bxf3 Nxe5 21. Bb7 Nd3 22. Red1 Nxc5 23. Bxc5 1/2-1/2

[Event "Nibelungen Seniors op 2nd"]
[Site "Worms"]
[Date "2005.10.01"]
[Round "3"]
[White "Schneider, Peter"]
[Black "White, Herbert"]
[Result "1/2-1/2"]
[WhiteElo "1681"]
[BlackElo "1972"]
[PlyCount "92"]
[EventDate "2005.09.30"]
[EventType "swiss"]
[EventRounds "7"]
[EventCountry "GER"]
[SourceTitle "EXT 2007"]
[Source "ChessBase"]
[SourceDate "2006.11.23"]
[SourceVersion "1"]
[SourceVersionDate "2006.11.23"]
[SourceQuality "1"]

1. d4 Nf6 2. Nc3 d5 3. e4 dxe4 4. f3 Bf5 5. fxe4 Nxe4 6. Qf3 Nxc3 7. bxc3 Qc8 8. Bb5+ c6 9. Bc4 e6 10. Ne2 Be7 11. 0-0 0-0 12. Bf4 Bxc2 13. a4 Nd7 14. Ra2 Bg6 15. Ng3 Nf6 16. Bg5 c5 17. Bxf6 Bxf6 18. d5 exd5 19. Bxd5 Rb8 20. Ne4 Bxe4 21. Bxe4 c4 22. Kh1 Qe6 23. Re2 Qd6 24. Qf5 g6 25. Qxf6 Qxf6 26. Rxf6 Kg7 27. Rf1 Rfe8 28. Bf3 Red8 29. Re7 b5 30. axb5 Rxb5 31. Rxa7 Rd3 32. h3 Rxc3 33. Rc7 Rf5 34. Rd1 Rf4 35. Rcd7 Kh6 36. R7d4 Kg5 37. Rxf4 Kxf4 38. Kh2 h5 39. Bd5 f6 40. Rd4+ Ke5 41. Rxc4 Rxc4 42. Bxc4 h4 43. Kg1 Kf4 44. Kf2 g5 45. Bb5 f5 46. Bd7 g4 1/2-1/2

[Event "Nibelungen Seniors op 2nd"]
[Site "Worms"]
[Date "2005.09.30"]
[Round "1"]
[White "Schneider, Peter"]
[Black "Ollenberger, Roland"]
[Result "0-1"]
[WhiteElo "1681"]
[BlackElo "2133"]
[PlyCount "40"]
[EventDate "2005.09.30"]
[EventType "swiss"]
[EventRounds "7"]
[EventCountry "GER"]
[SourceTitle "EXT 2007"]
[Source "ChessBase"]
[SourceDate "2006.11.23"]
[SourceVersion "1"]
[SourceVersionDate "2006.11.23"]
[SourceQuality "1"]

1. d4 Nf6 2. Nc3 d5 3. e4 dxe4 4. f3 e6 5. fxe4 Bb4 6. Bg5 h6 7. Bxf6 Qxf6 8. Nf3 0-0 9. Bc4 c5 10. 0-0 cxd4 11. e5 Qf4 12. Qxd4 Qxd4+ 13. Nxd4 Bc5 14. Nce2 Nc6 15. c3 Nxe5 16. Bb3 b6 17. Kh1 Ba6 18. Rf4 Nd3 19. Rf3 Nxb2 20. Raf1 Bxd4 0-1

[Event "IECG WC.2005.T.00003 email"]
[Site "IECG email"]
[Date "2004.12.15"]
[Round "?"]
[White "Claridge, John Bleddyn"]
[Black "Schneider, Peter"]
[Result "1/2-1/2"]
[WhiteElo "2383"]
[BlackElo "2347"]
[PlyCount "47"]
[EventDate "2004.12.15"]
[EventType "tourn (corr)"]
[EventRounds "10"]
[SourceTitle "Corr 2008"]
[Source "ChessBase"]
[SourceDate "2008.06.24"]
[SourceVersion "1"]
[SourceVersionDate "2008.06.24"]
[SourceQuality "1"]

1. e4 e5 2. Nf3 Nc6 3. Bb5 a6 4. Ba4 Nf6 5. 0-0 Nxe4 6. d4 b5 7. Bb3 d5 8. dxe5 Be6 9. Be3 Be7 10. c3 0-0 11. Nbd2 Qd7 12. Re1 Rad8 13. Bc2 Bf5 14. Nxe4 Bxe4 15. Bxe4 dxe4 16. Qxd7 Rxd7 17. e6 fxe6 18. Nd2 Ne5 19. Nxe4 Nd3 20. Re2 c5 21. g3 Rd5 22. Kg2 g5 23. a4 Re5 24. Nd2 1/2-1/2

[Event "IECG WC.2005.T.00003 email"]
[Site "IECG email"]
[Date "2004.12.15"]
[Round "?"]
[White "Schneider, Peter"]
[Black "Sidenko, Anatoly Viktorovich"]
[Result "1/2-1/2"]
[WhiteElo "2347"]
[BlackElo "2269"]
[PlyCount "67"]
[EventDate "2004.12.15"]
[EventType "tourn (corr)"]
[EventRounds "10"]
[SourceTitle "Corr 2008"]
[Source "ChessBase"]
[SourceDate "2008.06.24"]
[SourceVersion "1"]
[SourceVersionDate "2008.06.24"]
[SourceQuality "1"]

1. d4 Nf6 2. c4 e6 3. Nf3 d5 4. Nc3 Nbd7 5. cxd5 exd5 6. Bg5 c6 7. e3 Qa5 8. Bd3 Ne4 9. 0-0 Nxg5 10. Nxg5 Qd8 11. Nf3 Be7 12. Qc2 Nf6 13. Rae1 0-0 14. e4 dxe4 15. Nxe4 h6 16. Nc5 Qc7 17. Ne5 Bxc5 18. dxc5 Re8 19. f4 Be6 20. a3 Rad8 21. Re2 Nd7 22. Rfe1 Bd5 23. Nxd7 Qxd7 24. Rxe8+ Rxe8 25. Rxe8+ Qxe8 26. Qe2 Qb8 27. b4 b6 28. cxb6 axb6 29. Qe3 b5 30. Kf2 g6 31. g3 Qd8 32. Ke2 f5 33. h4 h5 34. Kf2 1/2-1/2